000 00680nam a2200277Ia 4500
005 20260324145245.0
008 008 260324s9999 xx 000 0 eng d
020 _a9781315744780
037 _aEBOOK
040 _aCRL
040 _beng
040 _cCRL
041 _2eng
041 _aeng
084 _qCRL
100 _aMary Boston; Rolene Szur
_91222324
245 0 _aPsychotherapy with Severely Deprived Children (Psychology Revivals)
260 _bTaylor and Francis
260 _c1983
365 _a
365 _b170
856 _uhttp://www.taylorfrancis.com/books/9781315744780
942 _cEBOOK
999 _c1829972
_d1829972